| 000 | 00994nam a2200313 a 4500 | ||
|---|---|---|---|
| 001 | vtls001439203 | ||
| 003 | NLI | ||
| 005 | 20210627122023.0 | ||
| 008 | 121130s1989 ii 000 0 eng | ||
| 039 | 9 |
_y201211301646 _zVLOAD |
|
| 040 |
_aNLI _beng _cDatasoft_GENG _eAACR2 |
||
| 041 | 0 | _aeng | |
| 044 | _aii | ||
| 082 | 0 | 4 | _a343.54093 |
| 100 | 1 |
_aManohar, V. R. _9808985 |
|
| 245 | 1 | 4 |
_aThe motor vehicles act (IV of 1939) with motor vehicles rules 1989 / _cby V. R. Manohar and W. W. Chitaley |
| 260 |
_aNagpur : _bAll India Reporter, _c1989 |
||
| 300 |
_a394 p. ; _c25 cm. |
||
| 500 | _aSupplement | ||
| 650 | 0 |
_aAutomobiles _xLaw and legislation _zIndia _9782673 |
|
| 650 | 0 |
_aTransportation, Automotive _xLaw and legislation _zIndia _9782674 |
|
| 700 | 1 |
_aChitaley, W. W., _4aut _9808986 |
|
| 887 | _a | ||
| 901 |
_aDB63069 _b17.02.1993 |
||
| 902 | _aE/O 343.54093 M 317 | ||
| 904 | _l3498 | ||
| 949 |
_AVIRTUAITEM _D10000 _X100 _6DBA000063069ENG |
||
| 942 |
_2ddc _cBKS |
||
| 999 |
_aVIRTUA40 _c891775 _d891775 |
||